000 00547nam a2200181Ia 4500
999 _c21524
_d21524
003 OSt
005 20200624145925.0
008 190216s9999||||xx |||||||||||||| ||und||
020 _a9780195641738
040 _coclc
082 _a954.14
_bEAT/R
100 _aEaton, Richard M
_93206
245 4 _aThe Rise Of Islam And The Bengal Frontier 1204-1760 /
_cRichard M Eaton
260 _bOxford University Press,
_c2011.
_aNew Delhi:
300 _a359p
650 _aHistory
942 _cBK
_2ddc
_h954.14
_iEAT/R
_k954.14
_mEAT/R